00996nam a2200277Ia 4500003000400000005001700004008004100021020001500062040001800077041000800095082002100103100003000124245007400154250001200228260003400240300003500274650004500309650003800354650004800392650003900440650002800479650003700507942003000544999001900574952012500593OSt20220701140033.0210716s2003 xx 000 0 und d a0137459939 cAIMIT LIBRARY aeng a338.04 22bDOLM aDollinger, Marc J.946497 aEntrepreneurship : bstrategies and resources /cBy Marc J. Dollinger a3rd ed. aUSA :bPrentice Hall ,c2003. axxiii, 562p. ;bPB :c23.3 cm. aA Framework for Entrepreneurship 946498 aResources and Capabilities946499 aThe Environment of Entrepreneurship 946500 aEntrepreneurial Strategies 946501 aThe Business man946502 aMarketing the New Venture946503 2ddccBKe2ndk338.04 DOLM c198574d198574 001040708MBAaAIMITbAIMITd2004-12-14g295.00l0o338.04 DOLMpMBA01139r2026-05-23 00:00:00v295.00w2021-07-16yBK